000 00558nam a2200205 i 4500
001 C2-0299878
003 PPAK
005 20180728081452.0
008 090908s2005 my |||| ||||| | may d
040 _aPPAK
_beng
_cPPAK
_erda
082 0 4 _a306
_223
090 0 0 _a306
_bKEB
_dKK
245 0 0 _aKebudayaan (Keratan Akhbar Koleksi Kedah)
264 1 _aAlor Setar, Kedah :
_bPerbadanan Perpustakaan Awam Kedah ,
_c2005
300 _c33 cm
336 _2rdacontent
_atext
337 _2rdamedia
_aunmediated
338 _2rdacarrier
_avolume
942 _ddc
_cB
999 _c103798
_d103798